00481nam a2200181 a 4500001001300000003000900013005001700022008004100039020001000080082002000090100002400110245005100134260003100185300000800216500003500224650001600259700002400275nice12345678IN_TiNIC20260116012509.0080221s1984 dela grp 000 0 eng  ac10000a305.40954bCHA3 aChatterji, Jyotsana aIndian Women in Mediab A Collection of Essays aDelhibLithouse Pub.c1984 a62p aincludes index and biblioraphy aWomen-India1 aChatterji, Jyotsana